000 01167pam a2200361 ia4500
001 vtls000866136
003 PNM
005 20210120111420.0
008 181122s2019 my ao j 000 0 may
015 _aM19-06675
020 _a9789672254119
_qset
020 _a9789672254133
_qpaperback
_cRM36.12
039 9 _a201910181024
_banis_o
_c201908291459
_dmawarny
_c201906261044
_dain
_c201811281140
_damy_z
040 _aBNM
_beng
_cBNM
_erda
_dPPAK
049 _amal
082 0 4 _a612
_223
090 0 0 _a612
_bSAF
_dK
100 0 _aSafiatul Atiqah Razalli,
_d1989-
_eauthor.
245 1 0 _aHidung Deria Apa? /
_cSafiatul Atiqah Razalli
264 1 _aPetaling Jaya, Selangor :
_bPENERBIT PRISMA SDN BHD,
_c[2019]
300 _a46 pages :
_bcolour illustrations, colour photographs ;
_c25 cm.
336 _atext
_2rdacontent
337 _aunmediated
_2rdamedia
338 _avolume
_2rdacarrier
490 1 _aUNIKNYA ORGAN DAN TUBUH KITA
650 1 0 _aHuman body
_vJuvenile literature
650 2 0 _aNose
_vJuvenile literature
830 0 _aUniknya organ dan tubuh kita
942 _2ddc
_cB
949 _62000690741
949 _62000690740
949 _62000690739
999 _c181267
_d181267